000
00304nam a2200121Ia 4500
100
_a
Nanjundiah/H.N
942
_c
BK
654
_a
executive
245
_a
Towards executive excellence:Entrepreneurial Dynamics
260
_b
MMC School Of Management
_a
Mumbai
082
_a
658.409
_b
NAN
546
_a
ENGLISH
999
_c
33370
_d
33370